|
|
|
|
| LEADER |
00000nam a2200000Ii 4500 |
| 001 |
DIGLOM01218 |
| 003 |
NyNyDIG |
| 006 |
m o d |
| 007 |
cr ||||||||||| |
| 008 |
231228s2007 cl o 000 0 spa d |
| 035 |
|
|
|a (OCoLC)1416095905
|
| 040 |
|
|
|a DGITA
|b eng
|e rda
|e pn
|c DGITA
|
| 020 |
|
|
|z 9789562828789
|
| 041 |
1 |
|
|a spa
|h fre
|
| 043 |
|
|
|a cl-----
|
| 050 |
1 |
4 |
|a HX110.5.A6 ebook
|
| 100 |
1 |
|
|a Löwy, Michael,
|d 1938-,
|e author.
|
| 240 |
1 |
0 |
|a Marxisme en Amérique latine de 1909 à nos jours.
|l Spanish
|
| 245 |
1 |
3 |
|a El marxismo en América Latina :
|b antología, desde 1909 hasta nuestros días /
|c Michael Löwy.
|
| 264 |
|
1 |
|a Santiago de Chile :
|b LOM Ediciones,
|c [2007]
|
| 250 |
|
|
|a Edición actualizada.
|
| 300 |
|
|
|a 1 online resource.
|
| 336 |
|
|
|a text
|b txt
|2 rdacontent
|
| 337 |
|
|
|a computer
|b c
|2 rdamedia
|
| 338 |
|
|
|a online resource
|b cr
|2 rdacarrier
|
| 347 |
|
|
|a text file
|2 rdaft
|
| 347 |
|
|
|b PDF
|
| 490 |
1 |
|
|a Ciencias humanas. Política
|
| 588 |
0 |
|
|a Online resource; title from PDF title page (Digitalia, viewed December 28, 2023)
|
| 650 |
|
0 |
|a Communism
|z Latin America
|x History.
|
| 650 |
|
0 |
|a Socialism
|z Latin America
|x History.
|
| 700 |
1 |
|
|i Translation of:
|a Löwy, Michael,
|d 1938-
|t Marxisme en Amérique latine de 1909 à nos jours.
|
| 791 |
2 |
|
|a Digitalia (Firm),
|e distributor.
|
| 793 |
0 |
|
|g Digitalia eBook Collection:
|a LOM Ediciones
|
| 776 |
0 |
8 |
|i Print version:
|a Löwy, Michael, 1938-
|s Marxisme en Amérique latine de 1909 à nos jours. Spanish. Marxismo en América Latina.
|b Primera edición en Chile.
|d Santiago de Chile : LOM Ediciones, 2007
|z 9789562828789
|
| 830 |
|
0 |
|a Ciencias humanas.
|p Política.
|
| 856 |
4 |
0 |
|3 Digitalia Hispánica
|u https://www.digitaliapublishing.com/a/133352/
|
| 910 |
|
|
|a Premium collection: 2023
|